| 000 | 00800nam a2200229 a 4500 | ||
|---|---|---|---|
| 001 | 52441 | ||
| 003 | BD-RjUL | ||
| 005 | 20211209075815.0 | ||
| 008 | 160920s1987 bg ||||| |||| 00| 0 ben d | ||
| 020 | _c: Tk. 10.00 | ||
| 035 | _a(BD-RjUL)52561 | ||
| 040 |
_aBD-RjUL _bben _cBD-RjUL |
||
| 041 | _aben | ||
| 082 |
_223 _a891.444 _bKAM 1987 |
||
| 100 | 1 |
_aকালাম, শাহনাজ _9156877 |
|
| 245 | 1 | 0 |
_aমোগল মহলে / _cশাহনাজ কালাম |
| 260 |
_aবাংলাদেশ : _bইসলামিক ফাউন্ডেশন, _c১৯৮৭ |
||
| 300 |
_a৭২ পৃ. ; _c২১ সেমি. |
||
| 650 |
_aবাংলা সাহিত্য _vপ্রবন্ধ _9156878 |
||
| 650 |
_aBengali literature _vEssay _9135031 |
||
| 942 |
_2ddc _cBK |
||
| 999 |
_c52441 _d52441 |
||